Wszystkie terytoria zależne i autonomie - Statystyki

Ogólne statystyki
  • Ten quiz został rozwiązany 99 razy
  • Średni wynik to 28 z 150
Statystyki odpowiedzi
Obrazkowy Odpowiedź % Poprawnych
Aruba
93%
Gibraltar
62%
Guam
61%
Palestyna
58%
Makau
57%
Portoryko
55%
Grenlandia
54%
Hongkong
54%
Samoa Amerykańskie
54%
Wyspy Owcze
54%
Bermudy
52%
Kosowo
52%
Wyspa Man
51%
Wyspy Kokosowe
49%
Polinezja Francuska
48%
Jersey
46%
Kurdystan
45%
Reunion
45%
Wyspy Alandzkie
45%
Wyspy Cooka
45%
Majotta
42%
Abchazja
41%
Anguilla
41%
Guernsey
41%
Gujana Francuska
41%
Mariany Pólnocne
41%
Naddniestrze
41%
Niue
41%
Norfolk
41%
Nowa Kaledonia
41%
Sint Maarten
39%
Pitcairn
38%
Gwadelupa
36%
Kajmany
36%
Tokelau
36%
Wyspa Bożego Narodzenia
36%
Sardynia
35%
Tybet
35%
Falklandy
33%
Górski Karabach
33%
Bonaire
32%
Czeczenia
32%
Brytyjskie Wyspy Dziewicze
30%
Zanzibar
30%
Martynika
29%
Montserrat
29%
Turks i Caicos
29%
Wallis i Futuna
29%
Osetia Południowa
28%
Saba
28%
Azory
26%
Brytyjskie Terytorium Oceanu Indyjskiego
26%
Wyspy Dziewicze Stanów Zjednoczonych
26%
Johnston
25%
Saint Pierre i Miquelon
25%
Sycylia
25%
Wake
25%
Autonomiczna Republika Krymu
23%
Ługańska Republika Ludowa
22%
Wyspa Świętej Heleny
22%
Sint Eustatius
20%
Madera
17%
Papua
17%
Saint Barthelemy
17%
Wojwodina
17%
Francuskie Terytoria Południowe i Antarktyczne
16%
Jan Mayen
16%
Brytyjskie Terytorium Antarktyczne
14%
Wyspa Bouveta
14%
Wyspa Wniebowstąpienia
14%
Ziemia Królowej Maud
14%
Saint Martin
10%
Gagauzja
9%
Navassa
9%
Tuwa
9%
Wyspy Heard i McDonalda
9%
Adżaria
7%
Howland
7%
Mari El
7%
Midway
7%
Palmyra
7%
Svalbard
7%
Tatarstan
7%
Czuwaszja
6%
Dagestan
6%
Inguszetia
6%
Karakałpacja
6%
Komi
6%
Mordowia
6%
Rodezja
6%
Wyspa Bougainville'a
6%
Adygeja
4%
Ałtaj
4%
Baszkortostan
4%
Biafra
4%
Buriacja
4%
Chakasja
4%
Dhekelia
4%
Dolina Aosty
4%
Góra Athos
4%
Jakucja
4%
Jarvis
4%
Kabardo-Bałkaria
4%
Kałmucja
4%
Karaczajo-Czerkiesja
4%
Karelia
4%
Udmurcja
4%
Wyspa Piotra I
4%
Akrotiri
3%
Australijskie Terytoria Antarktyczne
3%
Baker
3%
Jubaland
3%
Tristan da Cuhna
3%
Trydent-Górna Adyga
3%
Venda
3%
Wyspa Książęca
3%
Aceh
1%
Anjouan
1%
Bophuthatswana
1%
Czedżu
1%
Dependecja Rossa
1%
Friuli-Wenecja Julijska
1%
Herceg-Bośnia
1%
Katanga
1%
Nachiczewańska Republika Autonomiczna
1%
Rodrigues
1%
Waziristan
1%
Wybrzeże Karaibskie Północne
1%
Wybrzeże Karaibskie Południowe
1%
Zachodnia Bośnia
1%
Buganda
0%
Ciskei
0%
Curucao
0%
Gerogia Południowa i Sandwich Południowy
0%
Kabinda
0%
Kaczin
0%
Kasai Południowe
0%
Kingman
0%
Moheli
0%
Muzułmańskie Mindanao
0%
Południowe Moluki
0%
Rotuma
0%
Suwadiwy
0%
Tanna
0%
Transkei
0%
Vemerana
0%
Wyspa Clippertona
0%
Wyspy Ashmore i Cartiera
0%
Wyspy Morza Koralowego
0%
Yogyakarta
0%
Nie znaleziono quizów pasujących do podanych kryteriów
Rozkład punktacji
Procent ludzi z każdym wynikiem
Percentyl według liczby udzielonych odpowiedzi
Twoja historia wyników
Nie rozwiązałeś tego quizu